000
00267nam a22000977a 4500
100
_a
Gupta,Sayantan
_9
83782
245
_a
The Flames Burnt Dark The Talk of the Aryasura
260
_a
New Delhi
_b
Lifi Publicaation Pvt.
_c
2024
650
_a
Faction
_9
83783
942
_c
BK
999
_c
68753
_d
68753